Before Your Memory Fades (Record no. 43193)

MARC details
000 -LEADER
fixed length control field 00405nam a22001697a 4500
005 - DATE AND TIME OF LATEST TRANSACTION
control field 20250104193328.0
008 - FIXED-LENGTH DATA ELEMENTS--GENERAL INFORMATION
fixed length control field 250104b |||||||| |||| 00| 0 eng d
020 ## - INTERNATIONAL STANDARD BOOK NUMBER
International Standard Book Number 9781035038107
041 ## - LANGUAGE CODE
Language code of text/sound track or separate title Eng
082 ## - DEWEY DECIMAL CLASSIFICATION NUMBER
Classification number 823 KAW
100 ## - MAIN ENTRY--PERSONAL NAME
Author Kawaguchi, Toshikazu
245 ## - TITLE STATEMENT
Title Before Your Memory Fades
260 ## - PUBLICATION, DISTRIBUTION, ETC.
Place Tokyo
Publisher Picador
Publication Year 2015
300 ## - PHYSICAL DESCRIPTION
Extent 239;. P.
650 ## - SUBJECT ADDED ENTRY--TOPICAL TERM
Subject Fiction; Literary
942 ## - ADDED ENTRY ELEMENTS (KOHA)
Koha item type Books
Holdings
Withdrawn status Lost status Source of classification or shelving scheme Damaged status Not for loan Home library Current library Shelving location Accession Date Vendor Price Bill number Total Checkouts Total Renewals Full call number Barcode No Date last seen Date last checked out Bill Date Koha item type
    Dewey Decimal Classification     IMTN IMTN Rack 40-B 12/30/2024 Raghav Books Pvt. LTD. 1899.00 1861 5 3 823 KAW 33595 10/12/2025 07/12/2025 12/14/2024 Books
Designed & Maintained by: LRC IMT Nagpur Contact: lrc@imtnag.ac.in© 2024. All Rights Reserved.